| 000 | 01655nam a2200505 i 4500 | ||
|---|---|---|---|
| 001 | 10187 | ||
| 003 | KOSZ 005 | ||
| 005 | 20191016111629.0 | ||
| 008 | 071008s1968 pl ab f f |000 0 pol | ||
| 015 | _aPB 1968/765 | ||
| 035 | _a991037138329705066 | ||
| 035 | _a(PL-WaBN)b19964122-48omnis_nlop | ||
| 035 | _ab19964122 | ||
| 035 | _a(OCoLC)838981060 | ||
| 035 | _a(PL)b0000001996412 | ||
| 035 | _a(EXLNZ-48OMNIS_NETWORK)9910063009905606 | ||
| 040 |
_aWA N _cWA N _dKOSZ 005/EG |
||
| 041 | _apol | ||
| 046 | _k1963 | ||
| 080 | _a556 | ||
| 080 | _a532.5 | ||
| 080 | _a(075) | ||
| 100 | 1 |
_aDębski, Kazimierz _d(1895-1968) _eAutor |
|
| 245 | 1 | 0 |
_aHydrologia i hydraulika / _cKazimierz Dębski. |
| 250 | _aWyd. 3 popr. | ||
| 260 |
_aWarszawa : _bPaństwowe Wydawnictwo Szkolnictwa Zawodowego, _c1968. |
||
| 300 |
_a238, [1] s., [1] k. tabl. : _bil., mapa ; _c23 cm. |
||
| 336 |
_2rdacontent _aTekst _btxt |
||
| 337 |
_2rdamedia _aBez urządzenia pośredniczącego _bn |
||
| 338 |
_2rdacarrier _aWolumin _bnc |
||
| 380 | _aKsiążki | ||
| 380 | _aPublikacje dydaktyczne | ||
| 385 |
_mPoziom nauczania _aSzkoły zawodowe |
||
| 388 | _a1901-2000 | ||
| 388 | _a1945-1989 | ||
| 521 | 8 | _aDla uczniów kl. 1-3 technikum. | |
| 650 | 7 |
_aHydraulika _2DBN |
|
| 650 | 7 |
_aHydrologia _2DBN |
|
| 655 | 7 |
_aPodręczniki dla szkół zawodowych _2DBN |
|
| 658 | _aInżynieria i technika | ||
| 710 | 2 | _aPaństwowe Wydawnictwo Szkolnictwa Zawodowego | |
| 856 |
_uhttp://koha.tu.koszalin.pl/cgi-bin/koha/opac-detail.pl?biblionumber=10187 _yKatalog online BPK |
||
| 942 |
_2UKD _cKS |
||
| 999 |
_c10187 _d10187 |
||